LEADER 01049nam0-2200337---450- 001 990009156930403321 005 20100305120441.0 010 $a88-7402-125-9 035 $a000915693 035 $aFED01000915693 035 $a(Aleph)000915693FED01 035 $a000915693 100 $a20100305d2004----km-y0itay50------ba 101 0 $aita 102 $aIT 105 $ay-------001yy 200 1 $a<>peggiori anni della sua vita$ela televisione italiana nel nuovo millennio$fGiorgio Simonelli$gprefazione di Vincenzo Mollica 210 $aCantalupa$cEffatą$d2004 215 $a158 p.$d21 cm 225 1 $a<>prospettive di Itinerari mediali$v12 610 0 $aTrasmissioni televisive$aAspetti socio-culturali 676 $a791.450945$v21$zita 700 1$aSimonelli,$bGiorgio$0222646 702 1$aMollica,$bVincenzo 801 0$aIT$bUNINA$gRICA$2UNIMARC 901 $aBK 912 $a990009156930403321 952 $aIX A 1188$b44330$fFSPBC 959 $aFSPBC 996 $aPeggiori anni della sua vita$9777949 997 $aUNINA LEADER 00825nam0-22002651i-450- 001 990003432920403321 005 20070413120454.0 035 $a000343292 035 $aFED01000343292 035 $a(Aleph)000343292FED01 035 $a000343292 100 $a20030910d1915----km-y0itay50------ba 101 0 $aita 102 $aIT 105 $ay-------001yy 200 1 $aContratti con la societą anonima belga dei tramways concessionaria delle tramvie del nord$fMunicipio di Napoli 210 $aNapoli$c[s.n.]$d1915 710 01$aNapoli$0374308 801 0$aIT$bUNINA$gRICA$2UNIMARC 901 $aBK 912 $a990003432920403321 952 $aSE 072.05.18-$bB020507$fDECSE 959 $aDECSE 996 $aContratti con la societą anonima belga dei tramways concessionaria delle tramvie del nord$9444048 997 $aUNINA